1243 1496 1817 1411 1262 1350 1854 1172 1552 1316 1299 1775 1877 1300 1858 1790 1758 1867 1767 1987 1081 1160 1195 1408 1543 1129 1574 1516 1958 1461 1600 1917 1536 1933 1061 1332 1256 1077 1826 1199 1210 1210 1233 1234 1542 1007 1946 1500 1708 1785 1353 1912 1610 1061 1475 1804 1590 1469 1740 1015 1397 1424 1947 1825 1357 1424 1726 1319 1324 1772 1642 1485 1590 1055 1657 1611 1093 1397 1959 1695 1830 1026 1454 1893 1727 1578 1239 1601 1016 1158 1727 1727 1804 1861 1344 1079 1673 1731 1452 BCNSPRNW ULIB Ver.6.0+V

เปลี่ยนเป็นภาษาไทย

Change to English
 แสดงรายละเอียดบรรณานุกรม
  กลับหน้าหลัก

Brief Record : Get Marc (ISO 2709) : E-mail record : QR code < ปิดหน้าต่าง
LEADER : 00000nam 2200000uu 4500
001    13399121022
003     ULIB
008    020711s2547 th a 000 0 tha d
020    9789749569344
020    9749569342
050    HA62^bว828ว
100    ฮิโตชิ คุเมะ ,^eเขียน
245    วิธีทางสถิติเพื่อการพัฒนาคุณภาพ /^cฮิโตชิ คุเมะ เขียน ,วีรพงษ์ เฉลิมจิระรัตน์ แปล
250    พิมพ์ครั้งที่ 11
260    กรุงเทพฯ :^bซีเอ็ดยูเคชั่น,^c2547
300    252 หน้า
650    สถิติ
700    วีรพงษ์ เฉลิมจิระรัตน์ ,^eแปล
945    ^p110^l0^i14917
999    ^aทศพร เกษรทอง
รายการนี้ยังไม่มีแท็ก
คุณยังไม่ได้ล็อกอิน คุณสามารถมีกิจกรรมร่วมกับเว็บไซต์ได้ แต่ต้องล็อกอินก่อน ::
  ล็อกอิน

รายการสื่อสารสนเทศ

ลำดับที่ ประเภท เลขเรียก/บาร์โค้ด สถานที่ สถานะ
1. วิทยาศาสตร์การแพทย์ และสุขภาพ
วิทยาศาสตร์การแพทย์ และสุขภาพ
HA62 ว828ว ฉ.1 
  Barcode: 14917
ห้องสมุดวิทยาเขตสวรรค์ประชารักษ์
►หนังสือทั่วไป
บนชั้น

รายการใกล้เคียง
    หัวเรื่อง [สถิติ]

BibComment


ยังไม่เคยถูกคอมเมนท์

คอมเมนท์ทรัพยากรรายการนี้
  คอมเมนท์: วิธีทางสถิติเพื่อ..


 Copyright 2026. Bcnsprnw @Library